| 000 | 00766nam a2200229 a 4500 | ||
|---|---|---|---|
| 999 |
_c6364 _d6364 |
||
| 001 | 6364 | ||
| 003 | BD-JhCC | ||
| 005 | 20180301190936.0 | ||
| 008 | 180122s2008 bg |||| ||a| 00| 0 ben d | ||
| 020 | _a9844833159 | ||
| 035 | _a(BD-JhCC)6364 | ||
| 040 |
_aBD-JhCC _dBD-JhCC |
||
| 041 | _aben | ||
| 082 |
_a297.1227 _bQUR 2008 |
||
| 245 |
_aকোরআন শরীফ : _bমূল কোরআন শরীফ হতে অনুদিত / _cভাই গিরীশচন্দ্র সেন (অনূদিত) |
||
| 260 |
_aঢাকা : _bদিব্য প্রকাশন, _c2008 |
||
| 300 |
_a639 p. : _c22 cm. |
||
| 650 | _aAl-Quran | ||
| 700 | _aসেন, ভাই গিরীশচন্দ্র | ||
| 942 |
_2ddc _cBK |
||